000 00330nam a22001457a 4500
008 221205b ||||| |||| 00| 0 eng d
020 _a9781260042009
041 _aeng
080 _2TENTH EDITION
_a004
082 _a004BLU
100 _a19
101 _aSHKP
245 _aELEMENTARY STATISTICS
_cBLUMAN G A
942 _2udc
_cBK
999 _c59104
_d59104